Statistics for 12x12 Multiplication - The Whopper

Click here to take the quiz!

General Stats

  • This quiz has been taken 84,017 times
  • The average score is 47 of 50

Answer Stats

ProblemSolution% Correct
10 x 10100
95%
6 x 212
95%
4 x 312
95%
5 x 315
95%
8 x 216
95%
4 x 416
95%
9 x 218
95%
6 x 318
95%
10 x 220
95%
11 x 222
95%
12 x 224
95%
5 x 525
95%
10 x 330
95%
6 x 530
95%
11 x 333
95%
2 x 24
95%
10 x 440
95%
10 x 550
95%
3 x 26
95%
10 x 660
95%
10 x 770
95%
3 x 39
95%
10 x 990
95%
5 x 210
94%
11 x 10110
94%
12 x 10120
94%
7 x 214
94%
5 x 420
94%
7 x 321
94%
8 x 324
94%
6 x 424
94%
9 x 327
94%
7 x 428
94%
8 x 432
94%
7 x 535
94%
9 x 436
94%
6 x 636
94%
12 x 336
94%
8 x 540
94%
11 x 444
94%
9 x 545
94%
7 x 749
94%
11 x 555
94%
12 x 560
94%
11 x 666
94%
11 x 777
94%
4 x 28
94%
10 x 880
94%
9 x 981
94%
11 x 888
94%
11 x 999
94%
7 x 642
93%
12 x 448
93%
9 x 654
93%
8 x 864
93%
9 x 872
93%
11 x 11121
92%
12 x 12144
92%
8 x 648
92%
8 x 756
92%
9 x 763
92%
12 x 672
91%
12 x 896
90%
12 x 9108
89%
12 x 784
89%
12 x 11132
88%

Score Distribution

Percentile by Number Answered

Percent of People with Each Score

Your Score History

You have not taken this quiz